|
|
|
|
| LEADER |
00000cam a2200000 a 4500 |
| 001 |
vtls008610413 |
| 003 |
SK-MaSNL |
| 005 |
20260302004356.0 |
| 008 |
251124s2007 xr a g f 001 0 cze |
| 020 |
|
|
|a 9788020014856
|q (viaz.)
|
| 040 |
|
|
|a SNK
|b slo
|c SNK
|e AACR2
|
| 041 |
1 |
|
|a cze
|h eng
|
| 044 |
|
|
|a xr
|c CZ
|
| 072 |
|
7 |
|a 615
|x Farmácia. Farmakológia
|2 konspekt
|
| 080 |
|
|
|a 616-022.7-08
|2 2001
|
| 080 |
|
|
|a 615.33
|2 2001
|
| 080 |
|
|
|a 615.33.015.8
|2 2001
|
| 080 |
|
|
|a (0.062)
|2 2001
|
| 080 |
|
|
|a 577.18
|2 2001
|
| 100 |
1 |
|
|a Levy, Stuart B.,
|d 1938-
|4 aut
|9 644299
|
| 240 |
1 |
4 |
|a The Antibiotic paradox
|l Česky
|
| 245 |
1 |
0 |
|a Antibiotický paradox
|b jak se nesprávným používáním antibiotik ruší jejich léčebná moc
|c Stuart B. Levy ; [z angl. orig. přel. Jiří Schindler]
|
| 250 |
|
|
|a Vyd. 1.
|
| 260 |
|
|
|a Praha
|b Academia
|c 2007
|
| 300 |
|
|
|a 312 s.
|b ilustr.
|c 21 cm
|
| 490 |
1 |
|
|a Galileo
|v sv. 8
|
| 504 |
|
|
|a Obsahuje bibliogr., bibliografické odkazy
|
| 650 |
0 |
7 |
|a antibakteriálna terapia
|2 SNKPH
|9 608215
|
| 650 |
0 |
7 |
|a antibiotická rezistencia
|2 SNKPH
|9 14840
|
| 650 |
0 |
7 |
|a antibiotiká
|2 SNKPH
|9 2424
|
| 650 |
0 |
7 |
|a Antibacterial therapy
|2 SNKPHeng
|9 644300
|
| 650 |
0 |
7 |
|a Antibiotics
|2 SNKPHeng
|9 317716
|
| 650 |
0 |
7 |
|a Antibiotics resistance
|2 SNKPHeng
|9 436484
|
| 655 |
|
7 |
|a populárno-náučné publikácie
|2 SNKPH
|9 70460
|
| 655 |
|
7 |
|a Popular works
|2 SNKPHeng
|9 90287
|
| 830 |
|
0 |
|a Galileo (Academia)
|9 538237
|
| 919 |
|
|
|a 978-80-200-1485-6
|
| 999 |
|
|
|c 995648
|d 997578
|
| 952 |
|
|
|t snkLEV 615
|a SNKUST
|b SNKUST
|y PREZ
|7 0
|p 17A0586135
|o snkIC 136515
|i snk2008/12090
|8 2
|g 11.29
|0 0
|1 0
|4 0
|d 2008-03-19
|l 0
|r 2025-05-07 00:00:00
|w 2026-02-24
|